|
|
|
|
| LEADER |
00000nab a22000007a 4500 |
| 001 |
vtls009407629 |
| 003 |
SK-MaSNL |
| 005 |
20260303121743.0 |
| 008 |
081118 2008 xo w n| | |00 0 slo| |
| 038 |
|
|
|a NZKAB
|
| 040 |
|
|
|a NZKAB
|b slo
|c NZKAB
|e AACR2
|
| 041 |
0 |
|
|a slo
|
| 044 |
|
|
|a xo
|c SK
|
| 080 |
|
|
|a 625.17
|2 1997
|
| 100 |
1 |
|
|a Antoni, Miroslav,
|4 aut
|9 1034434
|
| 245 |
1 |
0 |
|a Mesto už upravilo svoje nariadenia na euro
|b úver na rekonštrukciu školy preplatí štát
|c Miroslav Antoni
|
| 610 |
1 |
7 |
|a Šurany (Slovensko).
|b Mestské zastupiteľstvo
|2 nzkab
|9 223952
|
| 610 |
2 |
7 |
|a Základná škola na ul. SNP (Šurany, Slovensko)
|2 nzkab
|9 1135618
|
| 648 |
|
7 |
|a november 2008
|2 snkbucl
|9 1046801
|
| 650 |
0 |
7 |
|a rekonštrukcia školskej budovy
|2 nzkab
|9 1025849
|
| 651 |
|
7 |
|a Šurany (Slovensko)
|2 nzkab
|9 14578
|
| 773 |
0 |
|
|t Nitrianske noviny : naše novosti
|g Roč. 48/16, č. 46 (2008), s. 7
|x 1335-8375
|
| 852 |
|
|
|a NZKAB
|b KIS3GCP
|
| 958 |
|
|
|a RB
|
| 999 |
|
|
|c 1917521
|d 1919451
|